| 000 | 01306nam a2200349 a 4500 | ||
|---|---|---|---|
| 999 |
_c6557 _d6557 |
||
| 001 | 2131169 | ||
| 003 | OSt | ||
| 005 | 20200203100140.0 | ||
| 008 | 970325s1996 enk b 001 0 eng d | ||
| 010 | _a 97131999 | ||
| 020 | _a0304333980 (hardback) | ||
| 020 | _a0304333999 (paperback) | ||
| 035 | _a(CStRLIN)PATG96-B25359 | ||
| 040 |
_aPSt _cPSt _dPPT _dDLC |
||
| 042 | _alccopycat | ||
| 043 | _ae-uk--- | ||
| 082 | 0 | 0 |
_a371.9 _221 _bCHA 1996 |
| 245 | 0 | 0 |
_aChanging policy and practice for people with learning disabilities / _cedited by Peter Mittler with Valerie Sinason. |
| 260 |
_aLondon ; _aNew York : _bCassell, _c1996. |
||
| 300 |
_avi, 232 p. ; _c25 cm. |
||
| 440 | 0 |
_aCassell education _95062 |
|
| 504 | _aIncludes bibliographical references and index. | ||
| 650 | 0 |
_aLearning disabled _xEducation _zGreat Britain. _913487 |
|
| 650 | 0 |
_aLearning disabilities _zGreat Britain. _913488 |
|
| 650 | 0 |
_aLearning disabled _xLegal status, laws, etc. _zGreat Britain. _913489 |
|
| 650 | 0 |
_aLearning disabled _zGreat Britain _xPublic opinion. _913490 |
|
| 700 | 1 |
_aMittler, Peter J. _913491 |
|
| 700 | 1 |
_aSinason, Valerie, _d1946- _913492 |
|
| 906 |
_a7 _bcbc _ccopycat _d2 _encip _f19 _gy-gencatlg |
||
| 942 |
_2ddc _cO_SHELF |
||